| 000 | 00963nam a22003017a 4500 | ||
|---|---|---|---|
| 001 | 7649 | ||
| 003 | FISKH | ||
| 005 | 20250729150259.0 | ||
| 008 | 250729b cb ||||| |||| 00| 0 eng d | ||
| 020 | _a0590450131 | ||
| 040 |
_aFISKH _beng _cFISKH _dFISKH |
||
| 050 | _aQC981 .R64 | ||
| 082 | _a551.6 | ||
| 100 | _aRogers, Paul | ||
| 245 |
_aWhat will the weather be like today ? / _cBy Paul Rogers : Pictures by Kazuko |
||
| 250 | _aFirst Scholastic printing, September 1991 | ||
| 260 |
_aNew York : _bScholastic , _c1989. |
||
| 300 |
_a32 unnumbered pages : _bcolor illustrations ; _c25 cm . |
||
| 505 | _aJ | ||
| 520 | _aAnimals and humans discuss, in rhyming verse, the possibilities of the day's weather. | ||
| 521 | 8 |
_a470
_bLexile AD |
|
| 521 | 8 |
_aJ
_bRaz-Plus |
|
| 650 |
_aWeather/seasons _vNon-fiction |
||
| 650 |
_aDifferent animals _vNon-fiction |
||
| 700 |
_aKazuko _eIllustrator |
||
| 942 |
_2ddc _cBK _n0 |
||
| 999 |
_c7649 _d7649 |
||